| 000 | 00524nam a2200169 a 4500 | ||
|---|---|---|---|
| 001 | 000045103 | ||
| 005 | 20201002045900.0 | ||
| 008 | 150202s1995 sp 0 000 0 spa d | ||
| 020 | _a8474262550 | ||
| 040 |
_aDO-SdBNP _bspa _cBNPHU |
||
| 245 | 0 | 0 |
_aArmas para luchar, brazos para proteger : _blas mujeres hablan de la guerra /. |
| 260 |
_aBarcelona : _bIcaria, _c1995. |
||
| 300 |
_a360 p. : ; _c22 cm. |
||
| 490 | 1 |
_aIcaria antrazyt _v80 |
|
| 710 | 2 |
_aPanos Institute (EspaƱa) _973122 |
|
| 830 | 0 |
_aIcaria antrazyt _v80 _973123 |
|
| 999 |
_c44592 _d44592 |
||